| 000 | 00750nam a2200217Ii 4500 | ||
|---|---|---|---|
| 003 | JO-AjNU | ||
| 008 | 230605s9999||||xx |||||||||||||| ||und|| | ||
| 017 | _a1980/271 | ||
| 020 | _a333-133439 | ||
| 040 |
_aJO-AjNU _bara _erda _cJO-AjNU |
||
| 041 | _aara | ||
| 050 | 1 | 4 | _aHD4901.K4612.1980 |
| 100 | 3 |
_aكينك،ج.ي؛ترجمة ضياء مجيد حسين الموسوي, _eauthor _917942 |
|
| 245 | 0 | 0 | _aدراسات ماكميلان في الاقتصاد:اقتصاد العمل |
| 264 | 3 | 1 | _aالموصل:جامعة الموصل،1980 |
| 300 | _a98ص | ||
| 336 |
_atext _btxt _2rdacontent |
||
| 337 |
_aunmediated _bn _2rdamedia |
||
| 338 |
_avolume _bnc _2rdacarrier |
||
| 650 | 4 |
_aجوانب اقتصادية-العمل والعمال _917943 |
|
| 999 |
_aA5646 _c9214 _d9214 |
||